000 00531nam a2200181Ia 4500
005 20250326141740.0
008 250326s9999 xx 000 0 und d
037 _aTextbook
040 _aFMSL
_beng
_cFMSL
041 _aeng
_2eng
084 _qFMSL
100 _aIndia Govt OF ......
245 0 _aRegistration and liqudation of Joint Stock companies in India 1988-89
_cIndia Govt OF ......
260 _aNew Delhi
_bNew Delhi, Ministry of Industry
_c1989
300 _a1115p
942 _cTB
999 _c1291781
_d1291781